000 00430pab a2200157 454500
008 180718b2012 xxu||||| |||| 00| 0 eng d
100 _aSimhadri, Y.C.
245 _aSocio-economic status of a police officer: A study of a city in South India
260 _c2012
300 _ap.1-19.
362 _aJan-Jun
650 _aPolice
773 _aJournal of Constitutional and Parliamentary Studies
908 _aN
909 _a98410
999 _c98409
_d98409